La philosophie du cinéma (notice n° 1567438)

détails MARC
000 -LEADER
fixed length control field 01694cam a2200133 4500500
005 - DATE AND TIME OF LATEST TRANSACTION
control field 20251214002801.0
041 ## - LANGUAGE CODE
Language code of text/sound track or separate title fre
042 ## - AUTHENTICATION CODE
Authentication code dc
100 10 - MAIN ENTRY--PERSONAL NAME
Personal name Chateau, Dominique
Relator term author
245 00 - TITLE STATEMENT
Title La philosophie du cinéma
260 ## - PUBLICATION, DISTRIBUTION, ETC.
Name of publisher, distributor, etc. Armand Colin,<br/>
Date of publication, distribution, etc. 2010.<br/>
520 ## - SUMMARY, ETC.
Summary, etc. La rencontre de la philosophie et du cinéma intéresse désormais un nombre sans cesse croissant de chercheurs et d’étudiants. D’un point de vue à la fois historique et critique, Dominique Chateau propose ici un bilan des contributions les plus marquantes à la philosophie du cinéma : celles de Bergson, Benjamin, Eisenstein, Epstein, Bazin, Merleau-Ponty, Mitry, Cavell, Schefer et évidemment Deleuze. Il montre que, sous l’éclairage varié de leur postures respectives, le cinéma a été approché comme un phénomène historique lié à la modernité, un domaine d’expression spécifique ou encore un objet d’expérience où la philosophie autant que son objet peuvent être remis en question. Les grandes tendances de la philosophie (phénoménologie, philosophie analytique, déconstruction, gender studies…) sont aussi présentées sous l’angle de leur apport à la théorie du cinéma. La dernière partie considère un point de vue que la plupart des philosophies du cinéma adoptent, mais qu’on trouve aussi bien dans des discours où la philosophie est au mieux implicite : le point de vue esthétique qui peut nous diriger vers deux problématiques, celle de la réception (le goût, les valeurs, etc.) et celle de la création (l’art, le style, les œuvres). 
856 41 - ELECTRONIC LOCATION AND ACCESS
Uniform Resource Identifier <a href="https://shs.cairn.info/philosophies-du-cinema--9782200247928?lang=fr&redirect-ssocas=7080">https://shs.cairn.info/philosophies-du-cinema--9782200247928?lang=fr&redirect-ssocas=7080</a>

Pas d'exemplaire disponible.

PLUDOC

PLUDOC est la plateforme unique et centralisée de gestion des bibliothèques physiques et numériques de Guinée administré par le CEDUST. Elle est la plus grande base de données de ressources documentaires pour les Étudiants, Enseignants chercheurs et Chercheurs de Guinée.

Adresse

627 919 101/664 919 101

25 boulevard du commerce
Kaloum, Conakry, Guinée

Réseaux sociaux

Powered by Netsen Group @ 2025